La Géométrie et le probléme de l'espace / (Record no. 73914)

MARC details
000 -LEADER
campo de control de longitud fija 00669nam a2200193 i 4500
001 - NÚMERO DE CONTROL
campo de control 73914
003 - IDENTIFICADOR DE NÚMERO DE CONTROL
campo de control ES-MaACL
005 - FECHA Y HORA DE LA ÚLTIMA TRANSACCIÓN
campo de control 20230906171947.0
007 - CAMPO FIJO DE DESCRIPCIÓN FÍSICA--INFORMACIÓN GENERAL
campo de control de longitud fija t|
008 - DATOS DE LONGITUD FIJA--INFORMACIÓN GENERAL
campo de control de longitud fija 040913m19451946fr ||||1| fre d
100 1# - ENTRADA PRINCIPAL--NOMBRE DE PERSONA
Nombre de persona Gonseth, Ferdinand.
9 (RLIN) 58258
245 13 - MENCIÓN DEL TÍTULO
Título La Géométrie et le probléme de l'espace /
Mención de responsabilidad, etc. par Ferdinand Gonseth.
260 ## - PUBLICACIÓN, DISTRIBUCIÓN, ETC.
Lugar de publicación, distribución, etc. Neuchatel :
Nombre del editor, distribuidor, etc. Griffon,
Fecha de publicación, distribución, etc. 1945-1946 (
Fabricante Imprimerie Centrale)
300 ## - DESCRIPCIÓN FÍSICA
Extensión 2 v. ;
Dimensiones 24 cm.
490 1# - MENCIÓN DE SERIE
Mención de serie Bibliothèque scientifique. La Science dialectique ;
Designación de volumen o secuencia 2 ; 6
830 0# - PUNTO DE ACCESO ADICIONAL DE SERIE-TÍTULO UNIFORME
Título uniforme Bibliothèque scientifique. La Science dialectique ;
Designación de volumen o secuencia 2 ; 6
9 (RLIN) 231186
852 ## - LOCALIZACIÓN
Ubicación ES-MaACL
Número de control de estantería 1878-F-11-12
Sublocalización o colección R.25376
Holdings
Estatus retirado Estado de pérdida Estado de daño No para préstamo Colección Biblioteca de origen Biblioteca actual Ubicación en estantería Fecha de adquisición Fuente de adquisición Total de préstamos Signatura topográfica completa Código de barras Visto por última vez Precio de reemplazo Tipo de ítem Koha
        Colección de folletos Biblioteca del Ateneo de Madrid Biblioteca del Ateneo de Madrid Depósito folletos 17/01/2008     1878-F-11-12 1077370 23/02/2023 23/02/2023 Folleto